000 00663nam a2200229 a 4500
999 _c5607
_d5607
001 5607
003 BD-JhCC
005 20171219094058.0
008 171218s2006 bg |||| ||a| 00| 0 eng d
035 _a(BD-JhCC)5607
040 _aBD-JhCC
_dBD-JhCC
041 _aeng
082 _a612
_bMED 2006
245 _aMedical Physiology :
_ba comprehensive Guidebook for medical students and Doctors /
_cedited by Aminur Rahman Azad
250 _a7th ed.
260 _aChittaagong :
_bThe Vision Medical Series,
_c2006.[reprinted]
300 _a646 p. :
_c27 cm.
650 _aHuman Physiology
700 _aAzad, Aminur Rahman
942 _2ddc
_cBK